| 000 | 01357nam a2200337 i 4500 | ||
|---|---|---|---|
| 001 | 19792 | ||
| 003 | KOSZ 005 | ||
| 005 | 20230120144634.0 | ||
| 008 | 961010s1979 pl f |000 0 pol d | ||
| 040 |
_cKOSZ 005 _aKOSZ 005 _dKOSZ 005/HR |
||
| 041 | _apol | ||
| 046 | _k1979 | ||
| 080 | _a621.9 | ||
| 100 | 1 |
_aGrudziński, Karol _d(1931- ) _eAutor |
|
| 245 | 0 |
_aMetodyka analitycznego wyznaczania stanu obciążenia prowadnic i przemieszczenia elementów zespołów ruchów przesuwnych obrabiarek / _cKarol Grudziński. |
|
| 260 |
_aSzczecin : _bWydawnictwo Politechniki Szczecińskiej, _c1979. |
||
| 300 |
_as. 133 : _brys., tab. _c24 cm. |
||
| 336 |
_2rdacontent _aTekst _btxt |
||
| 337 |
_2rdamedia _aBez urządzenia pośredniczącego _bn |
||
| 338 |
_2rdacarrier _aWolumin _bnc |
||
| 490 | 1 |
_aPrace Naukowe / Politechnika Szczecińska ; _vNr 127 |
|
| 504 | _a[Zawiera bibliogr. s. 123-131]. | ||
| 650 | 7 | _aNaprężenia i odkształcenia | |
| 650 | 7 | _aObciążenie (fizyka) | |
| 650 | 7 | _aObrabiarka | |
| 658 | _aInżynieria i technika | ||
| 710 | _aWydawnictwo Uczelniane Politechniki Szczecińskiej | ||
| 830 | 0 |
_aPrace Naukowe Politechniki Szczecińskiej _vnr 127 |
|
| 856 |
_uhttp://koha.tu.koszalin.pl/cgi-bin/koha/opac-detail.pl?biblionumber=18792 _yKatalog online BPK |
||
| 942 |
_cKS _2UKD |
||
| 999 |
_c18792 _d18792 |
||